000 00733nam a2200253Ia 4500
003 OSt
005 20220925182016.0
006 a|||||r|||| 00| 0
007 ta
008 220923b |||||||| |||| 00| 0 eng d
020 _a0226135934
037 _cGeneral Book
040 _aRTL
_cRTL
_beng
041 _2eng
_aeng
082 _aRxM89:g, L8
100 _aDanford John W
_9119679
245 0 _aWittgenstein and political philosophy
_b A reexamin
260 _aChicago
_bUniversity of Chicago Press
_c1978
300 _axiv, 265p
_ccm.
500 _aBibliography 243-55
650 _aPhilosophy-Wittgenstein
_9236282
942 _hRxM89:g, L8
_cGB
_2CC
999 _c500981
_d500981